000 00429pab a2200157 454500
008 180718b2009 xxu||||| |||| 00| 0 eng d
100 _aMukherjee, Aniruddhe
245 _aIssues in introducing a realistic water pricing regime in urban local bodies: Jabalpur case study
260 _c2009
300 _ap.130-37.
362 _aJan-Jun
650 _aWater resources
773 _aUrban India
908 _aN
909 _a85451
999 _c85451
_d85451